| 000 | 00768nam a2200241Ia 4500 | ||
|---|---|---|---|
| 003 | GCL | ||
| 005 | 20240530110858.0 | ||
| 008 | 140319s2008 ua 000 0 ara d | ||
| 016 |
_a2007/25065 _2مصر. دار الكتب |
||
| 017 | _a9774273222 | ||
| 040 |
_aGCL / _cGCL |
||
| 082 | 0 | 4 |
_a306/ _bج ن |
| 100 | 0 | _aجابر عصفور | |
| 245 | 1 | 0 |
_aنحو ثقافة مغايرة / _cجابر عصفور |
| 250 | _aط.1 | ||
| 260 |
_aالقاهرة : _bالدار المصرية اللبنانية، _c2008. |
||
| 300 |
_a445 ص. ؛ _c24 سم. |
||
| 490 |
_aالهيئة العامة للاستعلامات _v0 |
||
| 650 | 0 | 7 |
_aالاعلام _2qrmak |
| 650 | 0 | 7 |
_aالثقافة العربية _2qrmak |
| 650 | 0 | 7 |
_2qrmak _aاللغة _xضعف |
| 942 |
_2ddc _cBK |
||
| 999 |
_c66076 _d66076 |
||